书目信息 |
| 题名: |
网络运盈世纪版
|
|
| 作者: | 文硕 , 张志刚 编著 | |
| 分册: | ||
| 出版信息: | 北京 中华工商联合出版社 2000.08 |
|
| 页数: | 383页 | |
| 开本: | 16开 | |
| 丛书名: | ||
| 单 册: | ||
| 中图分类: | F713.36 | |
| 科图分类: | ||
| 主题词: | 商业经济--国内 | |
| 电子资源: | ||
| ISBN: | 7-80100-688-7 | |
| 000 | 00610nam0 2200205 45 | |
| 001 | 0012130975 | |
| 005 | 20001213092400.5 | |
| 010 | @a7-80100-688-7@d48.00元 | |
| 100 | @a20001213d2000 km y0chiy0120 ea | |
| 101 | 0 | @achi |
| 105 | @a z 000yy | |
| 200 | 1 | @a网络运盈世纪版@AWang Luo Yun Ying Shi Ji Ban@f文硕,张志刚编著@FWen Shuo,Zhang Zhi Gang Bian Zhu |
| 210 | @a北京@c中华工商联合出版社@d2000.08 | |
| 215 | @a383页@d16开 | |
| 606 | 0 | @a商业经济@x国内 |
| 690 | @aF713.36@v3 | |
| 701 | 0 | @a文硕@4编著 |
| 701 | 0 | @a张志刚@4编著 |
| 801 | @aCN@bPftUser@c20001213 | |
| 905 | @b307639-641@dF713.36@eW.642@f3 | |
| 网络运盈世纪版/文硕,张志刚编著.-北京:中华工商联合出版社,2000.08 |
| 383页;16开 |
| ISBN 7-80100-688-7:48.00元 |
| ● |
| 相关链接 |
|
|
|
正题名:网络运盈世纪版
索取号:F713.36/W.642
 
预约/预借
| 序号 | 登录号 | 条形码 | 馆藏地/架位号 | 状态 | 备注 |
| 1 | 307640 | 203076401 | 社科二线422/409社科库 42排3列1层/ [索取号:F713.36/W.642] | 在馆 | |
| 2 | 307641 | 203076410 | 社科库409/409社科库 42排3列1层/ [索取号:F713.36/W.642] | 在馆 |